Stati dove si guida a sinistra - Statistics

Statistiche generali
  • Questo quiz è stato fatto 37 volte
  • Il punteggio medio è 35 su 53
Statistiche sulle risposte
Continente Stato % Corretto
Europa Regno Unito
100%
Oceania Nuova Zelanda
96%
Oceania Australia
92%
Asia India
88%
Europa Irlanda
88%
Asia Giappone
85%
Asia Pakistan
85%
Asia Indonesia
81%
Africa Sudafrica
81%
America del Nord Antigua e Barbuda
77%
America del Nord Bahamas
77%
America del Nord Barbados
77%
Oceania Figi
77%
Asia Bhutan
69%
Asia Nepal
69%
Oceania Papua Nuova Guinea
69%
America del Nord Saint Kitts e Nevis
69%
America del Nord Saint Lucia
69%
Asia Sri Lanka
69%
Africa Tanzania
69%
Asia Thailandia
69%
Oceania Tuvalu
69%
Asia Bangladesh
65%
Africa Botswana
65%
America del Nord Dominica
65%
America del Nord Giamaica
65%
Africa Kenya
65%
Oceania Kiribati
65%
Asia Malaysia
65%
Oceania Nauru
65%
Asia Singapore
65%
Oceania Tonga
65%
Africa eSwatini
62%
Africa Namibia
62%
Africa Zambia
62%
Asia Brunei
58%
America del Sud Guyana
58%
Oceania Isole Salomone
58%
Africa Mozambico
58%
America del Nord Saint Vincent e Grenadine
58%
Oceania Samoa
58%
America del Sud Suriname
58%
America del Nord Trinidad e Tobago
58%
Africa Zimbabwe
58%
Africa Lesotho
54%
Europa Malta
54%
Asia Cipro
50%
America del Nord Grenada
50%
Africa Uganda
50%
Africa Malawi
46%
Africa Seychelles
46%
Asia Timor Est
38%
Africa Mauritius
35%
Nessun quiz corrispondente trovato
Distribuzione punteggi
Percentuale di utenti per punteggio
Percentile per numero di risposta
I tuoi punteggi nel tempo
Non hai fatto questo quiz